| 000 | 00000nam##2200000za#4500 |
| 001 | 9.601937 |
| 003 | CaOODSP |
| 005 | 20210624210321 |
| 007 | cr ||||||||||| |
| 008 | 150406|1998||||xxc|||||o f|0| 0 fre|d |
| 040 | |aCaOODSP|bfre |
| 043 | |an-cn--- |
| 086 | 1 |aTU3-5/98-34F-PDF |
| 110 | 2 |aBureau de la sécurité des transports du Canada. |
| 245 | 10|aSortie en bout de piste, Wasaya Airways Ltd, BAe 748-2A (HS-748-2A) C-GTAD, Kasabonika (Ontario), 6 août 1998 |h[ressource électronique] |
| 260 | |aGatineau - Québec : |bBureau de la sécurité des transports du Canada |c[1999]. |
| 300 | |a23p.|bfigure, glossaire, tableaux |
| 490 | 1 |aRapport d'enquête aéronautique |vA98C0173 |
| 500 | |a«La publication de ce rapport a été autorisée le 29 septembre 1999 par le Bureau»--p.20 de 23. |
| 590 | |a12-18-Supp|b2012-04-25 |
| 775 | 08|tRunway overrun, Wasaya Airways Ltd. BAe 748-2A (HS-748-2A) C-GTAD, Kasabonika, Ontario, 06 August 1998 |w(CaOODSP)9.571322 |
| 830 | #0|aRapport d'enquête aéronautique ;|vA98C0173|w(CaOODSP)9.501229 |
| 856 | 40|ahttp://publications.gc.ca|qPDF|s176 Ko|uhttps://publications.gc.ca/collections/collection_2011/bst-tsb/TU3-5-98-34-fra.pdf|yA98C0173 |